[Event "Gora Sw Anny op 3rd"]
[Site "Gora Sw Anny"]
[Date "2010.02.14"]
[Round "9"]
[White "Korpalski, Maciej"]
[Black "Ptaszek, Przemyslaw"]
[Result "0-1"]
[WhiteElo "1540"]
[BlackElo "1863"]
[PlyCount "56"]
[EventDate "2010.02.08"]
[EventType "swiss"]
[EventRounds "9"]
[EventCountry "POL"]
[SourceTitle "CBM 135 Extra"]
[Source "ChessBase"]
[SourceDate "2010.05.04"]
[SourceVersion "1"]
[SourceVersionDate "2010.05.04"]
[SourceQuality "1"]

1. e4 c6 2. d4 d5 3. Nc3 dxe4 4. Nxe4 Nf6 5. Ng5 Bf5 6. Bd3 Bxd3 7. Qxd3 e6 8. N1f3 Bd6 9. Ne4 Nxe4 10. Qxe4 0-0 11. Ng5 g6 12. Qh4 h5 13. g4 f6 14. Nf3 hxg4 15. Qxg4 Qa5+ 16. Bd2 Qf5 17. Qxf5 gxf5 18. 0-0-0 Kf7 19. h4 Nd7 20. h5 Rh8 21. h6 Rh7 22. Rdg1 Rg8 23. Nh4 Rxg1+ 24. Rxg1 f4 25. Ng6 e5 26. dxe5 fxe5 27. Rg4 Rxh6 28. Nh4 Nf6 0-1

[Event "Gora Sw Anny op 3rd"]
[Site "Gora Sw Anny"]
[Date "2010.02.12"]
[Round "7"]
[White "Dabek, Karolina"]
[Black "Ptaszek, Przemyslaw"]
[Result "1/2-1/2"]
[WhiteElo "1525"]
[BlackElo "1863"]
[PlyCount "133"]
[EventDate "2010.02.08"]
[EventType "swiss"]
[EventRounds "9"]
[EventCountry "POL"]
[SourceTitle "CBM 135 Extra"]
[Source "ChessBase"]
[SourceDate "2010.05.04"]
[SourceVersion "1"]
[SourceVersionDate "2010.05.04"]
[SourceQuality "1"]

1. e4 c6 2. d4 d5 3. Nc3 dxe4 4. Nxe4 Bf5 5. Ng3 Bg6 6. h4 h6 7. Nf3 e6 8. h5 Bh7 9. Bd3 Bxd3 10. Qxd3 Nd7 11. Bf4 Ngf6 12. 0-0-0 Nd5 13. Bd2 Bd6 14. Ne4 Bc7 15. Rde1 N7f6 16. Rh4 Nxe4 17. Rhxe4 Nf6 18. Rh4 Qe7 19. Qb3 0-0-0 20. c4 Kb8 21. Be3 Rhf8 22. Qa4 Bb6 23. b4 a6 24. Re2 Ba7 25. b5 cxb5 26. cxb5 Nd5 27. bxa6 Nc3 28. Bf4+ e5 29. Rxe5 Qc7 30. Qc2 Nxa2+ 31. Kb2 Qxc2+ 32. Kxc2 Nb4+ 33. Kb3 Nd3 34. Rb5+ Nxf4 35. Rxb7+ Ka8 36. Rxf4 Rd6 37. Rbxf7 Rc8 38. Rf8 Rb6+ 39. Ka4 Rxa6+ 40. Kb5 Rb6+ 41. Ka5 Rbb8 42. Rxc8 Rxc8 43. Kb5 Rc2 44. Ne5 Rc7 45. Rf8+ Kb7 46. Rf7 Rxf7 47. Nxf7 Bxd4 48. f3 Kc7 49. Kc4 Bb2 50. Kd5 Kd7 51. Nd6 Ke7 52. g4 Kf6 53. Ne4+ Ke7 54. Nc5 Kf6 55. f4 Ba1 56. Ke4 Bb2 57. Nd7+ Ke7 58. Nb6 Ke6 59. Na4 Ba1 60. Nc5+ Kf6 61. Kd5 Bb2 62. Ne4+ Ke7 63. g5 hxg5 64. Nxg5 Ba1 65. Ke4 Kf6 66. Nh7+ Kf7 67. Ng5+ 1/2-1/2

[Event "Szczecin-ch"]
[Site "Szczecin"]
[Date "2007.06.03"]
[Round "8.4"]
[White "Ptaszek, Przemyslaw"]
[Black "Korbal, Arkadiusz"]
[Result "0-1"]
[WhiteElo "1922"]
[BlackElo "1994"]
[PlyCount "60"]
[EventDate "2007.05.26"]
[EventType "swiss"]
[EventRounds "9"]
[EventCountry "POL"]
[SourceTitle "EXT 2023"]
[Source "ChessBase"]
[SourceDate "2022.10.05"]
[SourceVersion "1"]
[SourceVersionDate "2022.10.05"]
[SourceQuality "1"]

1. d4 Nf6 2. c4 e6 3. Nf3 Bb4+ 4. Bd2 c5 5. Nc3 0-0 6. e3 d6 7. Bd3 cxd4 8. exd4 e5 9. dxe5 dxe5 10. Nxe5 Re8 11. Be3 Qa5 12. Nf3 Bxc3+ 13. bxc3 Qxc3+ 14. Kf1 Nc6 15. Rc1 Qa5 16. Qc2 Bg4 17. Be2 Rad8 18. h3 Bh5 19. Kg1 Bg6 20. Qb2 Rd7 21. Kh2 Qc7+ 22. g3 Nh5 23. Rhg1 f5 24. Nd4 Nxd4 25. Bxh5 Bxh5 26. Bxd4 Re2 27. Qa1 f4 28. Rce1 fxg3+ 29. Rxg3 Rxe1 30. Qxe1 Rxd4 0-1

[Event "Rewal op 11th"]
[Site "Rewal"]
[Date "2006.08.28"]
[Round "10"]
[White "Giemza, Joanna"]
[Black "Ptaszek, Przemyslaw"]
[Result "1-0"]
[WhiteElo "1988"]
[BlackElo "1908"]
[PlyCount "91"]
[EventDate "2006.08.21"]
[EventType "swiss"]
[EventRounds "11"]
[EventCountry "POL"]
[SourceTitle "EXT 2010"]
[Source "ChessBase"]
[SourceDate "2010.11.25"]
[SourceVersion "1"]
[SourceVersionDate "2010.11.25"]
[SourceQuality "1"]

1. e4 e6 2. d4 d5 3. exd5 exd5 4. Nf3 Nf6 5. c4 Bb4+ 6. Nc3 0-0 7. Be2 dxc4 8. Bxc4 Bg4 9. 0-0 Nbd7 10. a3 Bd6 11. Qd3 c6 12. Bg5 h6 13. Bxh6 gxh6 14. Qg6+ Kh8 15. Qxh6+ Nh7 16. Qxd6 Bxf3 17. gxf3 Qg5+ 18. Kh1 Qf5 19. Be2 Ndf6 20. Qe5 Qxe5 21. dxe5 Nh5 22. Rae1 Rad8 23. Bc4 Ng5 24. Re3 Rd2 25. Ne4 Rd4 26. Nxg5 Rxc4 27. Re4 Rxe4 28. fxe4 Nf4 29. Rd1 Kg7 30. Rd7 Kg6 31. Nf3 Rb8 32. Nh4+ Kh5 33. Nf5 Kg4 34. Rxf7 Rd8 35. Nd6 b6 36. Rxa7 Nd3 37. Rg7+ Kf3 38. Rg3+ Ke2 39. Re3+ Kd2 40. Nc4+ Kc2 41. Re2+ Kc1 42. Nxb6 Kd1 43. Re3 Nxf2+ 44. Kg1 Ng4 45. Rc3 Nxe5 46. Nc4 1-0

[Event "Rewal op 11th"]
[Site "Rewal"]
[Date "2006.08.25"]
[Round "6"]
[White "Ptaszek, Przemyslaw"]
[Black "Mitura, Karel"]
[Result "1/2-1/2"]
[WhiteElo "1908"]
[BlackElo "1974"]
[PlyCount "63"]
[EventDate "2006.08.21"]
[EventType "swiss"]
[EventRounds "11"]
[EventCountry "POL"]
[SourceTitle "EXT 2010"]
[Source "ChessBase"]
[SourceDate "2010.11.25"]
[SourceVersion "1"]
[SourceVersionDate "2010.11.25"]
[SourceQuality "1"]

1. d4 Nf6 2. c4 g6 3. Nc3 Bg7 4. e4 d6 5. Be2 0-0 6. Bg5 h6 7. Bh4 Nbd7 8. Nf3 c5 9. 0-0 cxd4 10. Nxd4 a5 11. Qd2 Nc5 12. f3 Ne6 13. Nc2 Nh5 14. Bf2 Nhf4 15. Rab1 Be5 16. Nd5 Nxd5 17. cxd5 Nf4 18. Bb5 e6 19. Be3 g5 20. a4 exd5 21. exd5 Bf5 22. g3 Bxc2 23. Qxc2 Nxd5 24. Bf2 Qf6 25. Qe4 Nb4 26. Qxb7 Bxb2 27. Be1 Bc3 28. f4 Bxe1 29. Rbxe1 g4 30. Rd1 d5 31. Rfe1 Qd6 32. Qe7 1/2-1/2

[Event "Rewal op 11th"]
[Site "Rewal"]
[Date "2006.08.24"]
[Round "5"]
[White "Rogala, Robert"]
[Black "Ptaszek, Przemyslaw"]
[Result "1-0"]
[WhiteElo "2000"]
[BlackElo "1908"]
[PlyCount "65"]
[EventDate "2006.08.21"]
[EventType "swiss"]
[EventRounds "11"]
[EventCountry "POL"]
[SourceTitle "EXT 2010"]
[Source "ChessBase"]
[SourceDate "2010.11.25"]
[SourceVersion "1"]
[SourceVersionDate "2010.11.25"]
[SourceQuality "1"]

1. d4 d5 2. c4 dxc4 3. Nf3 Nf6 4. Bf4 e6 5. Qa4+ Bd7 6. Qxc4 Nc6 7. Nc3 a6 8. e4 b5 9. Qd3 Bb4 10. Rc1 0-0 11. Be2 Na5 12. Nd2 c5 13. dxc5 Bxc5 14. e5 Ne8 15. Nde4 Be7 16. Qg3 Rc8 17. Bd3 f6 18. exf6 Bxf6 19. 0-0 Nc4 20. b3 Nb6 21. Rfd1 Qe7 22. Nxf6+ Qxf6 23. Be5 Qh6 24. Rc2 Bc6 25. Ne4 Nd5 26. Ng5 Nb4 27. Bxh7+ Kh8 28. Rcd2 Nf6 29. Rd4 Nh5 30. Qe3 Nd5 31. Qd2 Ndf6 32. h3 Ne4 33. Nxe4 1-0

[Event "Rewal op 11th"]
[Site "Rewal"]
[Date "2006.08.21"]
[Round "1"]
[White "Dudys, Jakub"]
[Black "Ptaszek, Przemyslaw"]
[Result "1-0"]
[WhiteElo "2099"]
[BlackElo "1908"]
[PlyCount "33"]
[EventDate "2006.08.21"]
[EventType "swiss"]
[EventRounds "11"]
[EventCountry "POL"]
[SourceTitle "EXT 2010"]
[Source "ChessBase"]
[SourceDate "2010.11.25"]
[SourceVersion "1"]
[SourceVersionDate "2010.11.25"]
[SourceQuality "1"]

1. e4 d5 2. exd5 Nf6 3. d4 Nxd5 4. Nf3 Bg4 5. Be2 e6 6. h3 Bh5 7. 0-0 Be7 8. Ne5 Bxe2 9. Qxe2 0-0 10. Rd1 Bg5 11. Nd2 Nf4 12. Qf3 Qd5 13. Ne4 f6 14. c4 Qd8 15. Nxg5 fxg5 16. Bxf4 Nd7 17. Qg4 1-0